| 000 | 00979nam a2200277Ia 4500 | ||
|---|---|---|---|
| 001 | Para_10437 | ||
| 003 | CHAP | ||
| 008 | 220125sOctu xx 000 0 und d | ||
| 010 | _a209117 | ||
| 040 | _cCHAP | ||
| 090 | _aPA CD - TESIS 462 | ||
| 100 |
_aRoméro Bartólo, Jesús _9130056 |
||
| 245 |
_aIncidencia y severidad de hongos de follaje en el cultivo de haba (Vicia faba L.) en Esperanza, Pue. / _c Jesús Roméro Bartólo; Director Santos Gerardo Leyva Mir |
||
| 260 |
_aChapingo, Méx. : _b el autor |
||
| 300 | _a1 CDS ROM (98 p.) | ||
| 502 | _aTesis (Ing. Agr. Esp. en Parasitología Agrícola). UACh. Departamento Parasitología Agrícola | ||
| 700 |
_aLeyva Mir, Santos Gerardo. Director _9171335 |
||
| 710 | _aUACh Departamento Parasitología Agrícola | ||
| 901 | _aPA CD - TESIS 462 | ||
| 902 | _aM | ||
| 905 | _a513220Octubre, 2015 abnm8100000000 06 | ||
| 910 | _aOctu | ||
| 942 | _cPARA | ||
| 942 |
_cPARA _d2 |
||
| 999 |
_c209117 _d209117 |
||